Con mi humilde devoción: Bailes Chinos en Chile Central
Saved in:
| Hovedforfatter: | |
|---|---|
| Andre forfattere: | |
| Format: | Bog |
| Sprog: | spansk |
| Udgivet: |
Santiago, Chile:
Museo Chileno de Arte Precolombino; Banco Santander Santiago,
2003
|
| Serier: | Colección Santander - Museo Chileno de Arte Precolombino
|
| Fag: | |
| Tags: |
Tilføj Tag
Ingen Tags, Vær først til at tagge denne postø!
|
MARC
| LEADER | 00000nam a2200000 a 4500 | ||
|---|---|---|---|
| 001 | UCI6090 | ||
| 003 | CL-VaPUC | ||
| 005 | 20220408100605.0 | ||
| 008 | 080418e20031100CL |||||||||||||||||spa|d | ||
| 999 | |c 329690 |d 329688 | ||
| 020 | |a 9562430448 | ||
| 040 | |c Pontificia Universidad Católica de Valparaíso | ||
| 082 | 0 | 4 | |a 291.422 MER 2003 |2 21 |
| 100 | |a Mercado Muñoz, Claudio |e autor |9 581374 | ||
| 245 | 1 | 0 | |a Con mi humilde devoción: Bailes Chinos en Chile Central |
| 260 | |a Santiago, Chile: |b Museo Chileno de Arte Precolombino; |b Banco Santander Santiago, |c 2003 | ||
| 300 | |a 104 páginas | ||
| 490 | |a Colección Santander - Museo Chileno de Arte Precolombino | ||
| 500 | |a C.2 Donado por Museo de Arte Precolombino al Fondo Margot Loyola. Abril 2022 | ||
| 583 | |a last modification |c 20080418 00:00:00 |k Rodrigo Vera | ||
| 650 | 0 | |a Danzas folkloricas chilenas |2 CL-VaPUC |9 425736 | |
| 650 | 0 | |a Bailes chinos |2 CL-VaPUC |9 522650 | |
| 650 | 0 | |a Devociones populares |2 CL-VaPUC |9 320778 | |
| 650 | 0 | |a Fiestas religiosas |9 349319 | |
| 650 | 0 | |a Costumbres y tradiciones |9 268292 | |
| 650 | 0 | |a Bailes tradicionales |2 CL-VaPUC |9 476800 | |
| 650 | 0 | |a Bailes folkloricos |2 CL-VaPUC |9 409912 | |
| 650 | 0 | |a Folklore chileno |9 265536 | |
| 700 | 0 | |a Rondón Sepúlveda, Víctor |e autor |9 528822 | |
| 942 | |c BK |2 ddc | ||
| 945 | |d 20080418 00:00:00 |a jtorresc | ||
| 952 | |0 0 |1 0 |4 0 |6 291_422000000000000_MER_2003 |7 0 |8 X |9 414680 |a FDOMLP |b FDOMLP |d 2019-11-22 |i 4428692 |o 291.422 MER 2003 |p 4428692 |r 2019-11-22 |w 2019-11-22 |y BK_X |k BU2 | ||
| 952 | |0 0 |1 0 |2 ddc |4 0 |6 291_422000000000000_MER_2003 |7 0 |8 X |9 582509 |a FDOMLP |b FDOMLP |d 2022-04-07 |e Donación |i 5650729 |o 291.422 MER 2003 |p 5650729 |r 2022-04-07 |t 2 |w 2022-04-07 |y BK_X |k BU2 | ||